Villes de la Meuse en images - Statistiques

Statistiques générales
  • Ce quiz a été pris 75 fois
  • Le résultat moyen est 8 sur 18
Statistiques - réponses
Par images Hint Réponse % Correct
V Verdun
100%
B Bar-le-Duc
96%
C Commercy
88%
D (ou F ou V) Douaumont-Vaux
68%
S Saint-Mihiel
55%
L Ligny-en-Barrois
54%
M Montsec
48%
M Montmédy
45%
V Vaucouleurs
41%
V (ou H) Vigneulles-lès-Hattonchâtel
39%
S Stenay
38%
V Void-Vacon
34%
Les M Les Monthairons
32%
A Ancerville
20%
A Avioth
20%
D Dieue-sur-Meuse
14%
L Louvemont-Côte-du-Poivre
2%
V Ville-sur-Saulx
2%
Aucun quiz correspondant
Distribution des résultats
% des personnes avec chaque résultat
Percentile par nombre de réponses
Votre historique - résultats
Vous n’avez pas pris ce quiz